[Event "WYG18"]
[Site "Oropesa del Mar ESP"]
[Date "2001.10.22"]
[Round "2"]
[White "Calotescu,C"]
[Black "Helm,L"]
[Result "1/2-1/2"]
[WhiteElo "2296"]
[BlackElo "2138"]

1.Nf3 Nf6 2.c4 g6 3.g3 Bg7 4.Bg2 O-O 5.O-O d6 6.d4 Nc6 7.d5 Na5 8.Qa4 b6
9.Nbd2 Bd7 10.Qc2 c5 11.e4 b5 12.Re1 Nxc4 13.Nxc4 bxc4 14.Qxc4 Rb8 15.Qc2 Qb6
16.Nd2 Bb5 17.Nc4 Bxc4 18.Qxc4 Nd7 19.Qe2 Bd4 20.Rb1 Ne5 21.Bg5 Rb7 22.Bf4 c4
23.Bxe5 dxe5 24.Rbc1 Qxb2 25.Rxc4 Qa3 26.Rc2 Rfb8 27.Qf3 Qa5 28.Rec1 Rb2
29.d6 Rxc2 30.Rxc2 Rb1+ 31.Bf1 Qa6 32.Qe2 Qxe2 33.Rxe2 exd6 34.Kg2 Kg7 35.Rc2 f5
36.f3 Re1 37.exf5 gxf5 38.h3 Bb6 39.g4 fxg4 40.hxg4 Rd1 41.Be2 Rd4  1/2-1/2

[Event "WYG18"]
[Site "Oropesa del Mar ESP"]
[Date "2001.10.28"]
[Round "7"]
[White "Calotescu,C"]
[Black "Meyer,Mar"]
[Result "1-0"]
[WhiteElo "2296"]
[BlackElo "2101"]

1.Nf3 Nf6 2.c4 g6 3.g3 Bg7 4.Bg2 O-O 5.O-O d6 6.d4 Nbd7 7.Nc3 e5 8.e4 c6
9.b3 Re8 10.h3 exd4 11.Nxd4 Nc5 12.Re1 Qb6 13.Be3 Ncxe4 14.Nxe4 Nxe4 15.Nf5 c5
16.Nxg7 Kxg7 17.Bxe4 Rxe4 18.Bh6+ Kxh6 19.Rxe4 Kg7 20.Qd2 Be6 21.Rae1 Rd8
22.Qc3+ Kg8 23.Qf6 Rf8 24.h4 d5 25.cxd5 Bxd5 26.Qxb6 axb6 27.Re8 c4 28.bxc4 Bxc4
29.a3 b5 30.f3 Bd5 31.Kf2 Bc6 32.Rxf8+ Kxf8 33.Re3 Kg7 34.f4 h5 35.Re5 Kf8
36.Ke2 f6 37.Re3 Kf7 38.Kd3 Bg2 39.Kd4 Bh1 40.Kc5 Bc6 41.Kd6 f5 42.Re5 Kf6
43.Rc5 Kf7 44.Rxc6  1-0

[Event "Chigorin Mem Open"]
[Site "St Petersburg RUS"]
[Date "2001.10.31"]
[Round "6"]
[White "Kochyev,A"]
[Black "Stepanov,E"]
[Result "1-0"]
[WhiteElo "2412"]
[BlackElo "2286"]

1.Nf3 Nf6 2.c4 g6 3.g3 Bg7 4.Bg2 O-O 5.O-O d6 6.d4 Nc6 7.d5 Na5 8.Nbd2 c5
9.Ne1 Rb8 10.Nc2 a6 11.a3 b5 12.cxb5 axb5 13.b4 Nc4 14.Nxc4 bxc4 15.bxc5 dxc5
16.Bf4 Rb3 17.Ne3 Ba6 18.Rc1 Rxa3 19.Nxc4 Bxc4 20.Rxc4 Qa5 21.Qc1 Nd7 22.Bh3 Ra1
23.Qe3 Rxf1+ 24.Kxf1 Nb6 25.Rxc5 Qa1+ 26.Qc1 Qd4 27.Be3 Qe5 28.d6 Nd5 29.dxe7  1-0

[Event "WYG18"]
[Site "Oropesa del Mar ESP"]
[Date "2001.11.01"]
[Round "10"]
[White "Calotescu,C"]
[Black "Milliet,S"]
[Result "0-1"]
[WhiteElo "2296"]
[BlackElo "2136"]

1.Nf3 Nf6 2.c4 g6 3.g3 Bg7 4.Bg2 O-O 5.O-O d5 6.d4 dxc4 7.Na3 c3 8.bxc3 c5
9.e3 Nc6 10.Bb2 e5 11.Nc4 exd4 12.cxd4 cxd4 13.Nxd4 Nxd4 14.Qxd4 Be6 15.Rac1 Rc8
16.Qxd8 Rfxd8 17.Na5 Rxc1 18.Rxc1 b6 19.Nb3 a5 20.Bc6 Ng4 21.Bxg7 Kxg7 22.Rc2 Rd1+
23.Kg2 Ne5 24.Be4 Bc4 25.Nd2 Be2 26.h3 b5 27.g4 a4 28.g5 Nc4 29.Nxc4 Bxc4
30.a3 Ra1 31.Rc3 f5 32.gxf6+ Kxf6 33.f4 Ra2+ 34.Kg3 Rb2 35.Bc2 Bb3 36.Bd3 b4
37.axb4 a3 38.Rc1 a2 39.b5 Rd2 40.b6 Rxd3 41.b7 Rd8 42.e4 Rb8 43.Kf3 Rxb7
44.Ke3 Rd7 45.Rc6+ Ke7 46.e5 a1=Q  0-1

[Event "TCh-AUT 2001-2"]
[Site "Moerbisch AUT"]
[Date "2001.11.02"]
[Round "3"]
[White "Horvath,Jo"]
[Black "Polzin,R"]
[Result "1-0"]
[WhiteElo "2551"]
[BlackElo "2469"]

1.Nf3 Nf6 2.c4 g6 3.g3 Bg7 4.Bg2 O-O 5.Nc3 d6 6.O-O e5 7.d3 Nc6 8.Rb1 a5
9.a3 Re8 10.Bg5 h6 11.Bxf6 Bxf6 12.b4 axb4 13.axb4 Bg7 14.b5 Ne7 15.Qb3 c6
16.Nd2 Be6 17.Rfc1 d5 18.Qb4 Nf5 19.bxc6 bxc6 20.Qb7 Ne7 21.cxd5 cxd5 22.Nb5 Rb8
23.Qa7 Ra8 24.Qc7 Rc8 25.Qxd8 Rxc1+ 26.Rxc1 Rxd8 27.Nc7 Rc8 28.Nb3 d4 29.Nxe6 Rxc1+
30.Nxc1 fxe6 31.Nb3 Nd5 32.Nc5 Kf7 33.Bxd5 exd5 34.Na6 Ke7 35.Nc7 Kd6 36.Ne8+ Ke7
37.Nxg7 Kf7 38.Nh5 gxh5 39.Kg2 Kf6 40.Kh3 Kg5 41.Kg2 Kg4 42.h4 Kf5 43.f3 Ke6
44.Kf2 Kd6 45.Ke1 Kc5 46.Kd2 Kb5 47.Kc2 Kc5 48.Kb3 Kb5 49.Ka3 Ka5 50.f4 exf4
51.gxf4 Kb5 52.Kb3 Kb6 53.Kb4 Kc6 54.f5 Kd6 55.f6 Ke6 56.Kc5 Kxf6 57.Kxd5 Kf5
58.Kxd4 Kg4 59.Ke4 Kxh4 60.Kf4  1-0

[Event "TCh-AUT 2001-2"]
[Site "Moerbisch AUT"]
[Date "2001.11.02"]
[Round "3"]
[White "Stangl,M"]
[Black "Wegener,D"]
[Result "1-0"]
[WhiteElo "2457"]
[BlackElo "2345"]

1.Nf3 Nf6 2.c4 g6 3.g3 Bg7 4.Bg2 O-O 5.d4 d6 6.O-O Nbd7 7.Nc3 c6 8.e4 e5
9.h3 a6 10.Qc2 exd4 11.Nxd4 Ne5 12.b3 b5 13.cxb5 axb5 14.Rd1 b4 15.Na4 c5
16.Nb5 Ba6 17.Nxd6 Bd3 18.Qxc5 Bxe4 19.Qxe5 Bxg2 20.Bh6 Ra5 21.Nc5 Qa8 22.Bxg7 Bxh3
23.Nde4 Rxc5 24.Nxf6+ Kxg7 25.Nd5+  1-0

[Event "EuTChw"]
[Site "Leon ESP"]
[Date "2001.11.06"]
[Round "1"]
[White "Voiska,M"]
[Black "Kaps,D"]
[Result "1/2-1/2"]
[WhiteElo "2280"]
[BlackElo "2204"]

1.c4 Nf6 2.Nf3 g6 3.g3 Bg7 4.Bg2 O-O 5.O-O d6 6.Nc3 Nc6 7.d3 e5 8.Rb1 a5
9.h3 Nd7 10.a3 Nc5 11.b4 axb4 12.axb4 Ne6 13.b5 Ncd4 14.Nxd4 Nxd4 15.Nd5 f5
16.Bb2 Ne6 17.e3 f4 18.exf4 exf4 19.Bxg7 Kxg7 20.Ra1 Rxa1 21.Qxa1+ Kh6 22.Kh2 f3
23.Bh1 c6 24.bxc6 bxc6 25.Ne3 c5 26.Ng4+ Kh5 27.Re1 Nd4 28.Qa7 Qd7 29.Qa8 Qc6
30.Qa7 Qd7 31.Qa5 g5 32.Qb6 Qc6 33.Qa7 Qd7 34.Qb6 Qc6 35.Qa7 Qd7 36.Qb6 Qc6  1/2-1/2

[Event "VI IM"]
[Site "Rijeka CRO"]
[Date "2001.11.06"]
[Round "2"]
[White "Rukavina,J"]
[Black "Burovic,I"]
[Result "0-1"]
[WhiteElo "2415"]
[BlackElo "2373"]

1.Nf3 Nf6 2.c4 g6 3.g3 Bg7 4.Bg2 O-O 5.O-O d6 6.d4 Nbd7 7.Qc2 c6 8.Rd1 Qa5
9.h3 Re8 10.e4 e5 11.b4 Qxb4 12.Ba3 Qa5 13.Bxd6 exd4 14.Nxd4 Nc5 15.Nc3 Nfd7
16.Rac1 Be5 17.Bxe5 Nxe5 18.Nce2 Qa3 19.Qb1 Be6 20.f4 Ned3 21.Rc2 Rad8 22.Rdd2 Qa6
23.Nxe6 Rxe6 24.e5 Re7 25.Kh2 Red7 26.h4 Nxe5 27.Rxd7 Ng4+ 28.Kg1 Rxd7 29.Bh3 h5
30.f5 Ne4 31.fxg6 Qa3 32.gxf7+ Rxf7 33.Bxg4 Qe3+ 34.Kh1 Nf2+ 35.Kg2 Qe4+  0-1

[Event "American Open"]
[Site "Los Angeles USA"]
[Date "2001.11.24"]
[Round "6"]
[White "Jones,S USA"]
[Black "Keatinge Clay,A"]
[Result "1-0"]
[WhiteElo "2313"]
[BlackElo "2227"]

1.Nf3 Nf6 2.c4 g6 3.g3 Bg7 4.Bg2 O-O 5.O-O c6 6.d4 d5 7.cxd5 cxd5 8.Ne5 Nc6
9.Nc3 Bf5 10.Nxc6 bxc6 11.Na4 Nd7 12.b3 e5 13.dxe5 Bxe5 14.Bb2 Bxb2 15.Nxb2 Re8
16.Rc1 Qf6 17.Qd2 Re7 18.Rfe1 Rae8 19.Nd1 Qd6 20.Ne3 Be6 21.Nc4 Qc7 22.Na5 Nb8
23.b4 Qb6 24.a3 Bg4 25.e3 Bd7 26.Nb3 Na6 27.Bf1 Nc7 28.Rc3 Ne6 29.Rec1 Ng5
30.Bg2 Ne4 31.Bxe4 dxe4 32.Nd4 Qa6 33.R1c2 Rc8 34.Qc1 Qa4 35.Rc5 Qa6 36.b5 Qb6
37.Kg2 Bg4 38.Rxc6 Rxc6 39.bxc6 Rc7 40.a4 Qa6 41.Nb5 Rc8 42.c7 Qf6 43.f4 exf3+
44.Kf2 Qa6 45.Qa1 Bd7 46.Qd4 Be8 47.Kxf3 Bc6+ 48.Kf2 Bxb5 49.axb5 Qe6 50.Rc5 Qa2+
51.Kf3 Qe6 52.Rd5 Rf8 53.Rd8 Qf5+ 54.Qf4 Qxb5 55.c8=Q Qf1+ 56.Kg4 Qe2+ 57.Kh3 Qh5+
58.Qh4  1-0

[Event "FSIMA December"]
[Site "Budapest HUN"]
[Date "2001.12.09"]
[Round "9"]
[White "Paci,C"]
[Black "Meszaros,T"]
[Result "1-0"]
[WhiteElo "2256"]
[BlackElo "2364"]

1.Nf3 Nf6 2.c4 g6 3.g3 Bg7 4.Bg2 O-O 5.O-O d6 6.d4 c5 7.Nc3 Nc6 8.d5 Na5
9.Nd2 e5 10.e4 Ng4 11.a3 b6 12.b4 Nb7 13.h3 Nh6 14.Bb2 f5 15.exf5 gxf5 16.f4 e4
17.Qc2 Bd7 18.Ne2 Qe7 19.Kh2 b5 20.Rfe1 a5 21.cxb5 Bxb5 22.Nc3 Bd7 23.b5 a4
24.Nc4 Bd4 25.Nb6 Ra5 26.Nc4 Ra7 27.Rab1 Qg7 28.Bf1 Kh8 29.Rec1 Rg8 30.Qg2 Be8
31.Be2 Bf7 32.Bd1 Qf6 33.b6 Raa8 34.Bxa4 Rxa4 35.Nxa4 Bxd5 36.Ne3 Bc6 37.Nc3 Qf7
38.Ne2 Bxb2 39.Rxb2 d5 40.Rbc2 Ba4 41.Rxc5 Nxc5 42.Rxc5 Qe7 43.Rc7 Qd6 44.Nc3 Qxb6
45.Nexd5 Qd4 46.Nxa4 Rb8 47.Nac3 Ng8 48.Qe2 e3 49.Qxe3 Rb2+ 50.Kg1 Qxe3+
51.Nxe3 Nf6 52.Nxf5 h5 53.Rf7 Ng8 54.a4 Rc2 55.Ne4  1-0

[Event "XIV Carlos Torre"]
[Site "Merida MEX"]
[Date "2001.12.14"]
[Round "1"]
[White "Szekely,P"]
[Black "Alford,J"]
[Result "1-0"]
[WhiteElo "2439"]
[BlackElo "2110"]

1.Nf3 Nf6 2.c4 g6 3.g3 Bg7 4.Bg2 O-O 5.d4 d6 6.Nc3 c5 7.O-O Nc6 8.dxc5 dxc5
9.Be3 Be6 10.Qa4 Qc7 11.Rfd1 a6 12.Nd5 Bxd5 13.cxd5 Nb4 14.Rac1 Nbxd5 15.Bxc5 Rac8
16.Bh3 Rcd8 17.Ba7 Qd6 18.a3 Bh6 19.Bc5 Qb8 20.e3 b6 21.Bd4 Qb7 22.Ne5 e6
23.Qc6 Qe7 24.Bg2 Rd6 25.Qc4 Rfd8 26.Nc6 Rxc6 27.Qxc6 Rd6 28.Bxf6  1-0

[Event "TCh-CZE 2001-2"]
[Site "CZE"]
[Date "2001.12.16"]
[Round "5"]
[White "Jirovsky,Pa"]
[Black "Salai,L"]
[Result "1/2-1/2"]
[WhiteElo "2388"]
[BlackElo "2404"]

1.Nf3 Nf6 2.c4 g6 3.g3 Bg7 4.Bg2 O-O 5.O-O d6 6.d4 c5 7.b3 cxd4 8.Nxd4 Nc6
9.Bb2 Bd7 10.Nc3 Qb6 11.e3 Rfc8 12.Qd2 a6 13.Rfd1 Qa5 14.Nd5 Qxd2 15.Rxd2 Nxd5
16.Bxd5 Rab8 17.Bg2 Nxd4 18.Bxd4 Bxd4 19.Rxd4 b5 20.Bf1 b4 21.Rd5 Rc5 22.Rad1 Rbc8
23.h4 Be6 24.Rxc5 Rxc5 25.Kh2 a5 26.Bh3 f5 27.Bg2 Kf7 28.Rd2 Kf6 29.f4 Bd7
30.Kg1 a4 31.Kf2 axb3 32.axb3 Ra5 33.Bd5 Ra1 34.Rb2 e6 35.Bf3 Ke7 36.Bg2 Kd8
37.Bf3 Kc7 38.h5 Kb6 39.hxg6 hxg6 40.Bg2 Kc5 41.Bf3 Be8 42.g4 fxg4 43.Bxg4 e5
44.fxe5 dxe5 45.Rd2 Bc6 46.Bf3 Rb1 47.Bd1 Be4 48.Kg3 Kc6 49.Kh4 Rc1 50.Kg5 Rc3
51.Kf6 Rxe3 52.Kxe5 Kc5 53.Kf4 Rd3 54.Rxd3 Bxd3 55.Ke3 Bf5 56.Kd2 g5 57.Bc2 Bd7
58.Ke3 Be6 59.Be4 g4 60.Bg2 Bf5 61.Be4 Be6 62.Bg2 Bf7 63.Kf4 Bg6 64.Kxg4 Bc2
65.Kf4 Bxb3 66.Ke3 Bxc4 67.Kd2  1/2-1/2

[Event "34th Women GM"]
[Site "Belgrade YUG"]
[Date "2001.12.24"]
[Round "4"]
[White "Calotescu,C"]
[Black "Dimitrijevic,A"]
[Result "0-1"]
[WhiteElo "2296"]
[BlackElo "2219"]

1.Nf3 Nf6 2.c4 g6 3.g3 Bg7 4.Bg2 O-O 5.d4 d6 6.O-O Nc6 7.Nc3 Bg4 8.d5 Na5
9.Qd3 c5 10.Nd2 a6 11.b3 Rb8 12.Bb2 b5 13.cxb5 Nd7 14.bxa6 c4 15.Nxc4 Nc5
16.Qc2 Nxc4 17.a7 Rb4 18.bxc4 Rxc4 19.h3 Bd7 20.Qd2 Qa5 21.Ne4 Qxa7 22.Bxg7 Nxe4
23.Bxe4 Kxg7 24.Bg2 Rfc8 25.Rac1 f6 26.Rxc4 Rxc4 27.Rc1 Ra4 28.Rc2 Bb5 29.h4 Bc4
30.Qc3 Qb7 31.Rb2 Qa8 32.a3 Bxd5 33.Bxd5 Qxd5 34.Qb3 Rc4 35.Kh2 Qd4 36.e3 Qe4
37.Qb7 Qe5 38.Rd2 Rxh4+ 39.Kg1 Qa1+  0-1

[Event "TCh-NOR Qualifier"]
[Site "NOR"]
[Date "2001.??.??"]
[Round "2"]
[White "Leer Salvesen,B"]
[Black "Berg,AH"]
[Result "1-0"]
[WhiteElo "2297"]
[BlackElo "2060"]

1.c4 Nf6 2.g3 g6 3.Bg2 Bg7 4.Nf3 O-O 5.O-O d6 6.Nc3 Nbd7 7.d3 e5 8.Rb1 a5
9.a3 Nc5 10.b4 axb4 11.axb4 Ne6 12.Bb2 Ne8 13.Ra1 Rxa1 14.Qxa1 f5 15.Nd2 c6
16.b5 Bd7 17.Qa7 Qc8 18.Nb3 Nd4 19.Nxd4 exd4 20.Na4 cxb5 21.Nb6 Qc7 22.Qxb7 Be6
23.cxb5 Qxb7 24.Bxb7 Nc7 25.Bc6 Nxb5 26.Bxb5 Rb8 27.Bc4 Bxc4 28.Nxc4 d5 29.Bxd4 Bxd4
30.Ne3 Rb2 31.Re1 Bxe3 32.fxe3 Kf7 33.Kf2 Ke6 34.Ra1 Rb6 35.Ra7 h6 36.h4 h5
37.Kf3 Kf6 38.Ra5 Rd6 39.Kf4 d4 40.e4 fxe4 41.dxe4 Rb6 42.Rd5 Rb2 43.e5+ Kf7
44.Rxd4 Rxe2 45.Rd7+ Ke6 46.Rg7 Rf2+ 47.Kg5 Rf5+ 48.Kh6 Rxe5 49.Rxg6+ Kf7
50.Rg5 Re8 51.Kxh5 Rh8+ 52.Kg4 Ra8 53.Rf5+ Kg6 54.h5+ Kh6 55.Rf6+ Kg7 56.Rb6 Ra4+
57.Kg5 Ra5+ 58.Kh4 Ra4+ 59.g4 Ra5 60.Rb4 Ra1 61.Rb7+ Kh8 62.h6 Ra6 63.g5 Ra4+
64.Kh5 Ra5 65.Rf7 Rb5 66.Kg6 Rb8 67.Rf5 Rg8+ 68.Kh5 Kh7 69.g6+ Kh8 70.g7+  1-0

[Event "109th ch-NZL"]
[Site "Christchurch NZL"]
[Date "2002.01.04"]
[Round "7"]
[White "Wastney,S"]
[Black "Smith,Ro"]
[Result "1/2-1/2"]
[WhiteElo "2281"]
[BlackElo "2282"]

1.Nf3 Nf6 2.c4 g6 3.g3 Bg7 4.Bg2 O-O 5.O-O d6 6.Nc3 e5 7.d4 Nc6 8.dxe5 dxe5
9.Qxd8 Rxd8 10.Bg5 Be6 11.Nd2 h6 12.Bxf6 Bxf6 13.Nde4 Be7 14.Nd5 Bxd5 15.cxd5 Nb4
16.Nc3 c6 17.dxc6 Nxc6 18.Bxc6 bxc6 19.Rfd1 f5 20.Rxd8+ Rxd8 21.Rd1 Rxd1+
22.Nxd1 Kf7 23.Kg2 Bc5 24.h3 e4 25.f3 exf3+ 26.Kxf3 Kf6 27.e3 h5 28.h4 Bd6
29.Nf2 Be5 30.Nd3 Bd6 31.b3 Ke6 32.Nf4+ Kf6 33.Nd3 Ke6 34.Nf4+ Kf6 35.Nd3  1/2-1/2

[Event "Troll Masters"]
[Site "Gausdal NOR"]
[Date "2002.01.05"]
[Round "2"]
[White "Van Hoolandt,P"]
[Black "Bekker Jensen,Da"]
[Result "1/2-1/2"]
[WhiteElo "2155"]
[BlackElo "2308"]

1.c4 Nf6 2.g3 g6 3.Bg2 Bg7 4.Nf3 O-O 5.O-O c6 6.Nc3 d5 7.cxd5 Nxd5 8.d4 Be6
9.Na4 Na6 10.Bd2 Rc8 11.e3 Nf6 12.Ne5 Bd5 13.f3 c5 14.Bh3 Rc7 15.e4 Bxe4
16.Ba5 b6 17.dxc5 Qxd1 18.Raxd1 Bc2 19.cxb6 axb6 20.Nxb6 Bxd1 21.Rxd1 Rc5
22.Bc3 Rb5 23.Nc8 Re8 24.Bf1 Rd5 25.Re1 Rxc8 26.Bxa6 Rc7 27.Bc4 Rxe5 28.Rxe5 Rxc4
29.Rxe7 Rc8 30.Rb7 Nd5 31.Bxg7 Kxg7 32.a4 Rc1+ 33.Kg2 Ra1 34.b3 Ne3+ 35.Kf2 Nc2
36.Ke2 Ra3 37.Kd2 Nd4 38.Kc3 Nxb3 39.Rxb3 Rxa4 40.f4 Ra2 41.h4 Kh6 42.Kd4 Re2
43.Kd3 Re1 44.Kd2 Re7 45.Rb5 f5 46.Re5 Ra7 47.Ke2 Kh5 48.Re3 Kg4 49.Kf1 Kh3
50.h5 gxh5 51.Re5 Kg4 52.Kg2 Ra2+ 53.Kf1 Ra3 54.Re7 Ra1+ 55.Kg2 Ra2+ 56.Kf1 Kxg3
57.Rxh7 h4 58.Rg7+ Kxf4 59.Kg1 Kf3 60.Rh7 f4 61.Kh1 Rb2 62.Rh8 Rb5 63.Kh2 Kg4
64.Rg8+ Rg5 65.Rd8 Re5 66.Rg8+ Kf3 67.Rh8 Re2+ 68.Kh3 Re1 69.Kh2 Kf2 70.Rxh4 f3
71.Ra4 Re7 72.Ra2+ Re2 73.Ra1 Ke3+ 74.Kg1 Kf4 75.Ra8 Rd2 76.Kf1 Rd1+ 77.Kf2 Rd2+
78.Kf1 Rb2 79.Rf8+ Ke3  1/2-1/2

[Event "Keres Mem Rapid w"]
[Site "Tallinn EST"]
[Date "2002.01.06"]
[Round "6"]
[White "Bashkite,V"]
[Black "Reizniece,D"]
[Result "1/2-1/2"]
[WhiteElo "2107"]
[BlackElo "2282"]

1.c4 Nf6 2.Nf3 g6 3.g3 Bg7 4.Bg2 O-O 5.O-O d6 6.Nc3 Nc6 7.d3 e5 8.Rb1 a5
9.a3 h6 10.b4 axb4 11.axb4 Be6 12.b5 Ne7 13.Bb2 Qd7 14.Nd2 Rab8 15.Nde4 Nxe4
16.Nxe4 f5 17.Nc3 f4 18.Ne4 b6 19.Qc2 Bh3 20.Ra1 Bxg2 21.Kxg2 Rf5 22.g4 f3+
23.exf3 Rf7 24.d4 exd4 25.Rfd1 Rbf8 26.Ra3 d5 27.Bxd4 dxe4 28.Bxg7 exf3+
29.Kg3 Qe6 30.Re3 Qxe3 31.fxe3 Kxg7 32.Rf1 Nc8 33.c5 bxc5 34.Qxc5 f2 35.Qe5+ Kh7
36.h4 Nb6 37.Qe4 Kg7 38.h5 gxh5 39.gxh5 Rf5 40.Qd4+ Kh7 41.Qe4 Kg7 42.Qd4+ R8f6
43.e4 Rf4 44.Qc3 Nd7 45.Qxc7 Rf3+ 46.Kg2 Rf7 47.Qxd7 Rxd7 48.Kxf3  1/2-1/2

[Event "Troll Masters"]
[Site "Gausdal NOR"]
[Date "2002.01.08"]
[Round "6"]
[White "Lie,Es"]
[Black "Bekker Jensen,Da"]
[Result "1/2-1/2"]
[WhiteElo "2168"]
[BlackElo "2308"]

1.c4 Nf6 2.g3 g6 3.Bg2 Bg7 4.Nf3 O-O 5.O-O c6 6.d4 d6 7.Nc3 Na6 8.e4 e5 9.h3 Qb6
10.dxe5 dxe5 11.Qe2 Qb4 12.a3 Qb3 13.Be3 Be6 14.Nd2 Qxb2 15.Rfc1 Rfd8 16.Na4 Rxd2
17.Qxd2 Qxd2 18.Bxd2 Bf8 19.Be3 Nd7 20.f4 Ndc5 21.Nxc5 Nxc5 22.Rab1 Rd8 23.Rd1 Re8
24.Rbc1 f6 25.f5 gxf5 26.exf5 Bxf5 27.Rf1 Nb3 28.Rxf5 Nxc1 29.Bxc1 Kf7 30.Rh5 Bc5+
31.Kh2 Rd8 32.Be4 Rd1 33.Rxh7+ Ke6 34.g4 Bg1+ 35.Kg2 Rxc1 36.Rxb7 Be3 37.Rb3 Bd4
38.Bxc6  1/2-1/2

[Event "ch-AUS"]
[Site "Melbourne AUS"]
[Date "2002.01.08"]
[Round "10"]
[White "Lloyd,A"]
[Black "Jordan,Wi"]
[Result "0-1"]
[WhiteElo "2205"]
[BlackElo "2330"]

1.Nf3 g6 2.c4 Bg7 3.g3 Nf6 4.Bg2 O-O 5.O-O d5 6.cxd5 Qxd5 7.Nc3 Qh5 8.Re1 Bh3
9.Bh1 Nc6 10.d3 Ng4 11.Qb3 Rab8 12.Nd5 e5 13.Bd2 Kh8 14.Nxc7 Qf5 15.Rac1 Rfd8
16.e4 Qh5 17.Ng5 Nh6 18.Be3 Rf8 19.Nxh3 Qxh3 20.f3 Ng8 21.Nd5 Bh6 22.f4 Bg7
23.Qd1 exf4 24.Nxf4 Qd7 25.b3 Nge7 26.Bg2 Rbd8 27.Nd5 b6 28.Nxe7 Nxe7 29.Bf4 Nc6
30.Qe2 Nd4 31.Qf2 Ne6 32.Be3 Qxd3 33.Bf1 Qd6 34.Red1 Qxd1 35.Rxd1 Rxd1 36.Kg2 Rd7
37.Bb5 Re7 38.h4 f5 39.Qc2 Nd4 40.Bxd4 Bxd4 41.exf5 Rxf5 42.Qc8+ Kg7 43.Bc4 Rf2+
44.Kh3 Rf8 45.Qg4 Bf2 46.h5 Re3 47.Qd7+ Kh6 48.hxg6 hxg6 49.Qd2 Rf3 50.Be6 Bxg3
51.Qd7 Be1+ 52.Kg2 Rf2+ 53.Kg1 Rd2 54.Qf7 Bf2+ 55.Kf1 Re1+ 56.Kg2 Rg1+ 57.Kh3 Rg3+
58.Kh2 Be1+ 59.Kh1 Rf2 60.Qc7 Rf8 61.Qe5 Bf2 62.Qd6 Rg1+ 63.Kh2 Bg3+ 64.Qxg3 Rxg3
65.Kxg3 Kg5  0-1

[Event "18th Open"]
[Site "Skopje MKD"]
[Date "2002.01.16"]
[Round "2"]
[White "Stamenkov,V"]
[Black "Pancevski,F"]
[Result "1-0"]
[WhiteElo "2417"]
[BlackElo "2154"]

1.Nf3 Nf6 2.c4 g6 3.g3 Bg7 4.Bg2 O-O 5.O-O d6 6.d4 c6 7.b3 Qa5 8.h3 Nbd7
9.Bb2 e5 10.e3 Re8 11.Nc3 h5 12.e4 Nf8 13.d5 c5 14.Ne1 N6h7 15.Nd3 Qd8 16.f4 exf4
17.gxf4 Qh4 18.Qe1 Bd4+ 19.Kh1 Qe7 20.Nd1 Bxb2 21.N1xb2 Nd7 22.Qf2 Qf6 23.Rae1 g5
24.e5 dxe5 25.fxe5 Qxf2 26.Rxf2 Rb8 27.d6 g4 28.Bd5 Ng5 29.Rf5 Ne6 30.Ref1 Rf8
31.Rxf7 Rxf7 32.Bxe6 Nxe5 33.Bd5 Kg7 34.Bxf7 Nxf7 35.Nf4 Nxd6 36.Nxh5+ Kh6
37.Ng3 Kg5 38.Rf8 b5 39.Kh2 bxc4 40.Nxc4 Nxc4 41.Ne4+ Kg6 42.bxc4 gxh3 43.Kg3 Kg7
44.Rd8 h2 45.Kxh2 Rb2+ 46.Kg3 Be6 47.Nxc5 Bxc4 48.a4 a6 49.Kf4 Rb6 50.Ke5 Bb3
51.Rd7+ Kf8 52.Ra7 Rc6 53.Nxb3  1-0

[Event "39th BPCL ch-IND"]
[Site "Nagpur IND"]
[Date "2002.01.24"]
[Round "9"]
[White "Prasad,D"]
[Black "Ramesh,R"]
[Result "1/2-1/2"]
[WhiteElo "2465"]
[BlackElo "2480"]

1.Nf3 Nf6 2.c4 g6 3.g3 Bg7 4.Bg2 O-O 5.O-O d6 6.Nc3 a6 7.d3 c6 8.Rb1 b5 9.cxb5 axb5
10.b4 d5 11.e3 Re8 12.a4 bxa4 13.Nxa4 e5  1/2-1/2

[Event "Rapid"]
[Site "Aubervilliers FRA"]
[Date "2002.01.27"]
[Round "10"]
[White "Akopian,V"]
[Black "Cabrera,A"]
[Result "1-0"]
[WhiteElo "2680"]
[BlackElo "2440"]

1.Nf3 Nf6 2.c4 g6 3.g3 Bg7 4.Bg2 O-O 5.O-O d6 6.Nc3 c6 7.d4 Qa5 8.e4 Bg4
9.h3 Bxf3 10.Bxf3 e5 11.d5 cxd5 12.cxd5 Nbd7 13.Qe2 Rfc8 14.Rb1 a6 15.Be3 h5
16.Rfc1 Kh7 17.g4 hxg4 18.hxg4 Kg8 19.Kg2 Qd8 20.g5 Nh7 21.Bg4 Rc7 22.Qd2 Bf8
23.Rh1 Be7 24.Bxd7 Rxd7 25.f4 f6 26.f5 fxg5 27.fxg6 Nf8 28.Rh6 Kg7 29.Qf2 Bf6
30.Rbh1 Nxg6 31.Rxg6+ Kxg6 32.Qf5+ Kf7 33.Bxg5 Rc7 34.Rh6  1-0

[Event "XVIII Open"]
[Site "Cappelle la Grande FRA"]
[Date "2002.02.09"]
[Round "1"]
[White "Nogueiras,J"]
[Black "Bakalarz,M"]
[Result "1/2-1/2"]
[WhiteElo "2521"]
[BlackElo "2328"]

1.Nf3 Nf6 2.c4 g6 3.g3 Bg7 4.Bg2 O-O 5.O-O d5 6.d4 Nc6 7.Na3 Bf5 8.Ne5 Nxe5
9.dxe5 Ng4 10.cxd5 Nxe5 11.f4 Ng4 12.e4 Bd7 13.h3 Nh6 14.g4 f6 15.Qb3 Nf7
16.Be3 c6 17.Nc2 cxd5 18.exd5 Nd6 19.Nd4 f5 20.g5 Qb6 21.Ne6 Qxb3 22.axb3 Bxe6
23.dxe6 Rfc8 24.Rfd1 Bxb2 25.Rxa7  1/2-1/2

[Event "XVIII Open"]
[Site "Cappelle la Grande FRA"]
[Date "2002.02.12"]
[Round "4"]
[White "Kengis,E"]
[Black "Petrov,M"]
[Result "1-0"]
[WhiteElo "2571"]
[BlackElo "2476"]

1.Nf3 Nf6 2.g3 g6 3.c4 Bg7 4.Bg2 O-O 5.d4 c5 6.O-O cxd4 7.Nxd4 Nc6 8.Nc2 d6
9.Nc3 Be6 10.b3 Ng4 11.Bd2 f5 12.Rb1 Rc8 13.Nd5 Bf7 14.h3 Nge5 15.f4 Nd7
16.Bc3 e5 17.e4 fxe4 18.Bxe4 exf4 19.Bxg7 Kxg7 20.Nxf4 Qg5 21.Bxc6 Rxc6 22.Nd4 Qxg3+
23.Kh1 Rc5 24.Rf3 Qh4 25.Nde6+ Kg8 26.Nxf8 Nxf8 27.Qxd6 Rc6 28.Qd2 g5 29.Ng2 Qh5
30.Rbf1 Rc7 31.Ne3 Qg6 32.Rg1  1-0

[Event "Petrov Mem Open"]
[Site "St Petersburg RUS"]
[Date "2002.02.13"]
[Round "2"]
[White "Izoria,Z"]
[Black "Sudakova,I"]
[Result "1/2-1/2"]
[WhiteElo "2547"]
[BlackElo "2354"]

1.Nf3 Nf6 2.c4 g6 3.g3 Bg7 4.Bg2 O-O 5.O-O d6 6.Nc3 Nbd7 7.d4 e5 8.h3 exd4
9.Nxd4 Re8 10.e4 a6 11.Rb1 Rb8 12.Re1 c5 13.Nc2 b5 14.cxb5 axb5 15.b4 Qc7
16.Ne3 cxb4 17.Ned5 Qa5 18.Nxb4 Ne5 19.Bg5 Nfd7 20.Ncd5 Bb7 21.Re2 h6 22.Bd2 Qa4
23.Bc3 Nc5 24.f4 Qxd1+ 25.Rxd1 Nc4 26.Kf2 f5 27.Bxg7 Kxg7 28.exf5 Rxe2+ 29.Kxe2 gxf5
30.Kf2 Ra8 31.g4 Bxd5 32.Nxd5 Rxa2+ 33.Kg3 b4 34.Rc1 Ra3+ 35.Kh2 Ne3 36.Nxb4 fxg4
37.hxg4 Nxg4+ 38.Kg1 Nd3 39.Rc7+ Kf8 40.Nxd3 Rxd3 41.Bb7 Rd4 42.Rd7 Nf6 43.Rd8+ Ke7
44.Rh8 h5 45.f5 Rg4+ 46.Kh2 Rg5 47.Bc8 d5 48.Be6 d4 49.Ra8 Kd6 50.Ra5 Rg7
51.Kh3 Rg1 52.Kh2 Rg4 53.Bc8 d3 54.Ra6+ Ke7 55.Re6+ Kf7 56.Rd6 Rg7 57.Ba6 Ke7
58.Re6+ Kf7 59.Rd6 Ke7 60.Re6+ Kf7 61.Bc4 h4 62.Rb6+ Ke7  1/2-1/2

[Event "ch-Serbia"]
[Site "Leskovac YUG"]
[Date "2002.02.17"]
[Round "3"]
[White "Bogosavljevic,B"]
[Black "Maksimovic,B"]
[Result "0-1"]
[WhiteElo "2273"]
[BlackElo "2403"]

1.Nf3 Nf6 2.c4 g6 3.g3 Bg7 4.Bg2 O-O 5.O-O d6 6.d4 c6 7.Nc3 Qa5 8.Bd2 Qh5
9.Nh4 g5 10.Nf3 h6 11.Ne1 Ng4 12.h3 Nf6 13.e4 Qxd1 14.Rxd1 Nfd7 15.Be3 a6
16.Nd3 b5 17.c5 dxc5 18.dxc5 a5 19.a3 Ba6 20.Nd5 cxd5 21.exd5 Rc8 22.d6 Nc6
23.dxe7 Nxe7 24.Bxa8 Rxa8 25.Nb4 Bc8 26.Nd5 Nxd5 27.Rxd5 Nf8 28.Rd8 Bxb2
29.c6 Kg7 30.Rb1 Bf6 31.Re8 Ne6 32.Bb6 b4 33.a4 Nd4 34.Bxd4 Bxd4 35.Rd1 Bb6
36.c7 Bxc7 37.Rc1 b3 38.Rxc7 b2 39.Re1 Rb8 40.Kh2 Bf5 41.Rc5 b1=Q 42.Rxb1 Bxb1
43.Rxa5 Rb2 44.Rb5 Rxb5 45.axb5 Be4 46.f4 gxf4 47.gxf4 Kf6 48.Kg3 Kf5 49.b6 Bb7  0-1

[Event "ONCE Blind"]
[Site "Linares ESP"]
[Date "2002.02.26"]
[Round "4"]
[White "Smirnov,S"]
[Black "Enjuto Velasco,R"]
[Result "1-0"]
[WhiteElo "2286"]
[BlackElo "2190"]

1.Nf3 Nf6 2.c4 g6 3.g3 Bg7 4.Bg2 O-O 5.O-O d6 6.d4 c5 7.Nc3 Nc6 8.dxc5 dxc5
9.Bf4 Be6 10.Ne5 Nxe5 11.Bxe5 Ne8 12.Bxg7 Nxg7 13.Bxb7 Rb8 14.Bd5 Rxb2 15.Na4 Rb8
16.Nxc5 Bh3 17.Re1 Qc8 18.Nd3 e6 19.Bf3 Qxc4 20.Qd2 Rfd8 21.Qh6 Bf5 22.Ne5  1-0

[Event "Cupa Martisor Open"]
[Site "Bucharest ROM"]
[Date "2002.03.01"]
[Round "1"]
[White "Nanu,C"]
[Black "Draica,I"]
[Result "1-0"]
[WhiteElo "2412"]
[BlackElo "2014"]

1.Nf3 Nf6 2.c4 g6 3.g3 Bg7 4.Bg2 O-O 5.O-O d6 6.Nc3 c5 7.d4 cxd4 8.Nxd4 Nbd7
9.b3 Nc5 10.Bb2 Rb8 11.Rc1 a6 12.Qd2 Bd7 13.Rfd1 b5 14.cxb5 axb5 15.b4 Ne6
16.Nc6 Bxc6 17.Bxc6 Nc7 18.e4 Nd7 19.Bxd7 Qxd7 20.Ne2 Rfc8 21.Bxg7 Kxg7 22.e5 d5
23.Nc3 e6 24.Ne4 Ne8 25.Nc5 Qa7 26.Rc2 Rc7 27.Rdc1 Rbc8 28.Qd3 Qb6 29.g4 h6
30.f4 Kg8 31.f5 g5 32.fxe6  1-0

[Event "ch-RUS Boys U20"]
[Site "Vladimir RUS"]
[Date "2002.03.03"]
[Round "3"]
[White "Nepomniachtchi,I"]
[Black "Sultangareev,M"]
[Result "1-0"]
[WhiteElo "2280"]
[BlackElo "2327"]

1.Nf3 Nf6 2.c4 g6 3.g3 Bg7 4.Bg2 O-O 5.O-O d6 6.d4 Nc6 7.Nc3 Bf5 8.d5 Na5
9.Nd4 Bd7 10.Qd3 c5 11.Nc2 a6 12.b3 Rb8 13.Bb2 b5 14.Rab1 Qc7 15.Ba1 bxc4
16.bxc4 Rxb1 17.Rxb1 Rb8 18.Rxb8+ Qxb8 19.f4 Be8 20.Bh3 Nd7 21.Bxd7 Bxd7
22.Kf2 f5 23.h4 Kf7 24.Ke3 Qh8 25.Kd2 Bf6 26.Bb2 e5 27.dxe6+ Bxe6 28.Na3 Qb8
29.Kc2 Nc6 30.Qd2 Nd4+ 31.Kc1 Qb4 32.Nd5 Qb7 33.Nxf6 Qh1+ 34.Qd1 Nxe2+ 35.Kd2 Ng1
36.Kc2 Qg2+ 37.Qd2  1-0

[Event "2nd HCC"]
[Site "Helsinki FIN"]
[Date "2002.03.06"]
[Round "9"]
[White "Porrasmaa,T"]
[Black "Seeman,T"]
[Result "0-1"]
[WhiteElo "2220"]
[BlackElo "2441"]

1.Nf3 Nf6 2.c4 g6 3.g3 Bg7 4.Bg2 O-O 5.O-O d6 6.Nc3 c6 7.d3 a6 8.Be3 Re8
9.h3 e5 10.Qc1 Nbd7 11.b4 e4 12.dxe4 Nxe4 13.Nxe4 Rxe4 14.Rb1 Nf6 15.Rd1 Re8
16.a4 Bf5 17.Rb3 Qe7 18.Nd4 Be4 19.f3 Bf5 20.Nxf5 gxf5 21.Re1 d5 22.Bf2 Rad8
23.b5 dxc4 24.Qxc4 cxb5 25.axb5 a5 26.b6 Ra8 27.Qa4 f4 28.gxf4 Nd5 29.Rc1 Qf6
30.e3 Nxb6 31.Qa2 a4 32.Rb4 a3 33.Rcb1 Na4 34.Be1 Nc3 35.Bxc3 Qxc3 36.e4 Qe3+
37.Kh1 Qxf4 38.Rxb7 Be5 39.Kg1 Red8 40.Kf1 Rd2  0-1